Statistiques concernant Groupe de 3 - Suisse

Cliquez ici pour prendre le quiz!

Statistiques générales

  • Ce quiz a été pris 196 fois
  • Le résultat moyen est 17 sur 30

Statistiques - réponses

HintRéponse% Correct
Langues officiellesFrançais
99%
Langues officiellesAllemand
98%
Langues officiellesItalien
98%
Ingrédients nécessaires dans une fondueFromage
95%
Couleurs des pistes de skiBleu
87%
Couleurs des pistes de skiRouge
87%
Couleurs des pistes de skiNoir
86%
Victorieux.se en Grand Chelem (Tennis, simple)Roger Federer
86%
Ingrédients nécessaires dans une fondueVin blanc
83%
Cantons fondateursUri
75%
Villes qui accueillent un tribunal fédéralLausanne
72%
Vainqueurs de Grand-ChelemStan Wawrinka
67%
Cantons fondateursSchwytz
65%
Cantons fondateursUnterwald
60%
Lacs de la région des trois lacsLac de Neuchâtel
53%
Piliers de la prévoyance vieillessePrévoyance étatique
49%
"Conseils" législatifs et exécutifConseil Fédéral
44%
Lacs de la région des trois lacsLac de Bienne
40%
Lacs de la région des trois lacsLac de Morat
39%
"Conseils" législatifs et exécutif du paysConseil des États
37%
"Conseils" législatifs et exécutifConseil national
37%
Ingrédients nécessaires dans une fondueAmidon de maïs
29%
Villes qui accueillent un tribunal fédéralSaint-Gall
29%
Sommets du triptyque des Alpes bernoisesJungfrau
26%
Vainqueurs de Grand-ChelemMartina Hingis
25%
Villes qui accueillent un tribunal fédéralBellinzone
23%
Sommets du triptyque des Alpes bernoisesEiger
19%
Piliers de la prévoyancePrévoyance privée
19%
Sommets du triptyque des Alpes bernoisesMönch
16%
Piliers de la prévoyancePrévoyance professionnelle
13%

Distribution des résultats

Percentile par nombre de réponses

% des personnes avec chaque résultat

Votre développement - résultats

Vous n’avez pas pris ce quiz